[Event "EU-Cup 31st"]
[Site "Skopje"]
[Date "2015.10.24"]
[Round "7.4"]
[White "Adams, Michael"]
[Black "Matlakov, Maxim"]
[Result "1-0"]
[WhiteElo "2742"]
[BlackElo "2689"]
[Annotator "Pavlovic,M"]
[PlyCount "77"]
[EventDate "2015.10.18"]
[EventType "team-swiss"]
[EventRounds "7"]
[EventCountry "MKD"]
[SourceTitle "CBM 169"]
[Source "ChessBase"]
[SourceDate "2015.11.10"]
[SourceVersion "1"]
[SourceVersionDate "2015.11.10"]
[SourceQuality "1"]
[WhiteTeam "Socar"]
[BlackTeam "Mednyi Vsadnik"]
[WhiteTeamCountry "AZE"]
[BlackTeamCountry "RUS"]

1. e4 e5 2. Nf3 Nc6 3. Bb5 a6 4. Ba4 Nf6 5. O-O Be7 6. Re1 b5 7. Bb3 O-O 8. c3
d6 9. h3 Re8 10. d4 Bb7 11. Nbd2 Bf8 12. a3 h6 13. d5 Nb8 {Another possible
idea for Black is:} (13... Ne7 14. Nh2 (14. Nf1 c6 15. dxc6 Bxc6 16. Ng3 Ng6
17. a4 Qd7 $13) 14... Qd7 15. Ndf1 c6 16. Ng4 Nxg4 17. hxg4 cxd5 18. exd5 Rac8
19. Ng3 Rc4 $5 {An intuitive exchange sacrifice} 20. Bxc4 bxc4 21. b4 Nxd5 22.
Ne4 h5 23. g5 Qc6 $13 {0-1 (87) Navara,D (2722)-Saric,I (2626) Aix-les-Bains
2011}) 14. Nh2 Nbd7 15. Ng4 $5 {Not the most common move here , but it is not
unknown.} ({White's most frequently played move here is:} 15. Qf3 {now Black
has used a couple of ideas:} c6 ({or:} 15... a5 16. Ndf1 Nc5 17. Ba2 b4 18.
cxb4 axb4 19. Ng3 bxa3 20. b4 Ncd7 21. Bb3 c6 22. dxc6 Bxc6 23. Bxa3 Ba4 24.
Ba2 g6 25. Bc1 Qe7 26. Ng4 Nxg4 27. Qxg4 Kh7 28. Qf3 Nf6 29. Bd2 Bg7 30. Qd3
Qd7 31. Bc4 $13 {1-0 (63) Van Kampen,R (2636)-Ghaem Maghami,E (2586) Montreal
2014}) ({also possible is:} 15... Nh7 16. Ndf1 g6 17. Ng4 Qh4 18. a4 Ng5 19.
Qe2 Nxe4 $2 20. Qxe4 f5 21. Qc2 fxg4 22. Qxg6+ $18 {1-0 (27) Fedorchuk,S (2657)
-Zult,D (2237) Maastricht 2015}) 16. dxc6 Bxc6 17. Ng4 Qe7 18. Nf1 Nxg4 19.
hxg4 Qf6 20. Ne3 Qxf3 21. gxf3 Nb6 22. Rd1 Rac8 23. Nd5 Nxd5 24. Bxd5 Bxd5 25.
Rxd5 Rc4 26. Be3 f6 27. Kf1 Kf7 28. Ke2 Ke6 $11 {1/2-1/2 (33) Vachier Lagrave,
M (2754)-Svidler,P (2734) Khanty-Mansiysk 2015}) 15... Nc5 {Previously we have
seen the following idea:} (15... g6 16. Nf1 Kh7 17. Nxf6+ (17. a4 $5) 17...
Nxf6 18. g4 Nd7 19. Qf3 Bg7 20. Be3 Rf8 21. Rad1 Bf6 $1 22. Ng3 Bg5 23. Kg2 Nb6
$13 {0-1 (45) Motylev,A (2705)-Karjakin,S (2725) Dagomys 2010}) 16. Nxf6+ Qxf6
17. Bc2 c6 18. b4 Nd7 19. Nb3 $5 cxd5 20. Na5 Rab8 21. Nxb7 Rxb7 22. Qxd5 Rc7 {
White has got the bishop pair but the c-file and pressure on the c3-pawn help
Black a lot to create counterplay.} 23. Qd3 Rec8 24. Bd2 Nb6 $1 25. a4 Nc4 26.
axb5 axb5 27. Bb3 {Although White won a game at this point I think it was
better to play in a different manner:} (27. Bc1 Nb6 (27... Qe6 28. Bb3 Rd8 29.
Rd1 $14) 28. Qxb5 Rxc3 29. Qxb6 Rxc2 30. Be3 $14) 27... Nxd2 {Black now missed
a very good idea:} (27... d5 $1 28. exd5 (28. Bxc4 dxc4 $11) 28... Nxd2 29.
Qxd2 Rxc3 {Looks very much ok for Black}) 28. Qxd2 Rxc3 29. Re3 Rxe3 30. fxe3
Rc7 31. Bd5 {Now it is a bit unpleasant for Black...} g6 $6 {not the right plan
} (31... Qd8 32. Qd3 Qe8 33. Ra5 Be7 $1 34. Qxb5 Qxb5 35. Rxb5 Bg5 36. Kf2 Rc3
$132) 32. Qd3 Qg5 33. Rf1 h5 34. Rf3 $16 {Black has failed to find a an
accurate defensive plan and is facing big problems.} Qh4 35. Kh2 Bh6 36. Qxb5 {
Now it is just winning} Kh7 37. Qe8 Bg7 38. Bxf7 Re7 39. Qd8 1-0

[Event "EU-chT (Men) 20th"]
[Site "Reykjavik"]
[Date "2015.11.16"]
[Round "4.1"]
[White "Adams, Michael"]
[Black "Aronian, Levon"]
[Result "1-0"]
[WhiteElo "2744"]
[BlackElo "2781"]
[Annotator "CB"]
[PlyCount "83"]
[EventDate "2015.11.13"]
[EventType "team-swiss"]
[EventRounds "9"]
[EventCountry "ISL"]
[SourceTitle "CBM 170"]
[Source "ChessBase"]
[SourceDate "2016.01.15"]
[SourceVersion "1"]
[SourceVersionDate "2016.01.15"]
[SourceQuality "1"]
[WhiteTeam "England"]
[BlackTeam "Armenia"]
[WhiteTeamCountry "ENG"]
[BlackTeamCountry "ARM"]

1. e4 e5 2. Nf3 Nc6 3. Bb5 Nf6 4. O-O Nxe4 5. d4 Nd6 6. Bxc6 dxc6 7. dxe5 Nf5
8. Qxd8+ Kxd8 9. h3 Ke8 10. Nc3 h5 11. Ne2 Be7 12. Bg5 Be6 13. Nf4 Bd5 14. Nxd5
({Eine andere Spielweise ist} 14. Bxe7 Kxe7 15. Ng5) 14... cxd5 {Damit ist die
schwarze Bauernmehrheit am Damenflügel wieder verwertbar, das schwarze
Läuferpaar aber halbiert.} 15. Rad1 c6 16. Rfe1 h4 17. Rd3 Rh5 18. Bxe7 {
Der erste neue Zug.} (18. Bf4 g6 19. a4 Rd8 20. Red1 Ng7 21. Be3 Ne6 22. a5 a6
23. c3 {1/2-1/2 (23) Karjakin,S (2747)-Pashikian,A (2639) Khanty-Mansiysk 2010}
) 18... Kxe7 19. Red1 Rd8 20. c4 d4 21. b4 b6 22. Kf1 c5 23. bxc5 bxc5 24. Ra3
Rd7 25. Ne1 Rh6 {[#]} 26. Nd3 {Gemäß klassischer Lehre. Der Springer
blockiert den Freibauern. Weiß hat gutes Spiel am Damenflügel.} Rc6 27. Rb1
Rdc7 28. Nf4 Rd7 29. Rb8 g5 $2 {Schwächt f6.} (29... a6 30. Nd5+ Ke6 31. Re8+
Ne7 32. Ke2 f6 33. exf6 gxf6 {ist nicht schön, aber auch nicht sofort
verloren.}) 30. Nd5+ Ke6 31. Re8+ Ne7 32. Ke2 {[#] Schwarz gehen die Züge aus.
} Rb6 {Das Opferangebot lehnt Weiß erst einmal ab. [#]} 33. Kd3 {Der Plan
lautet: Kd3-e4, Tf3-f6#} Rb2 34. Ra6+ Rb6 35. Nxb6 {Nun aber...} axb6 36. Rxb6+
Kxe5 37. Rc6 Kf5 38. Rxc5+ Kf6 39. Rb8 Ng6 40. Rb6+ Ke7 41. Rxg5 Nf4+ 42. Ke4 (
42. Ke4 d3 (42... Ne2 43. Rd5 $18) 43. Kxf4 d2 44. Re5+ Kf8 45. Rb1 d1=Q 46.
Rxd1 Rxd1 47. a4 $18 {mit reichlich weißen Mehrbauern.}) 1-0

[Event "Tata Steel-A 78th"]
[Site "Wijk aan Zee"]
[Date "2016.01.27"]
[Round "10"]
[White "Karjakin, Sergey"]
[Black "Adams, Michael"]
[Result "0-1"]
[WhiteElo "2769"]
[BlackElo "2744"]
[Annotator "Mekhitarian,K"]
[PlyCount "62"]
[EventDate "2016.01.16"]
[EventType "tourn"]
[EventRounds "13"]
[EventCountry "NED"]
[EventCategory "20"]
[SourceTitle "CBM 171"]
[Source "ChessBase"]
[SourceDate "2016.03.14"]
[SourceVersion "2"]
[SourceVersionDate "2016.03.14"]
[SourceQuality "1"]

1. d4 Nf6 2. Bf4 {The London System has been used a lot by top players,
specially in rapid and blitz games. It's a solid way to develop, keeping live
play and a lot of pieces. Karjakin himself tried it a couple of times in the
World Rapid Championship, and also in a classical game in 2015.} d5 3. e3 e6 4.
Nf3 (4. c4 $5 {would transpose to a standard QGD position, a weapon commonly
used by Adams as Black, which probably made Karjakin follow the standard
London paths, with c3.}) 4... c5 5. c3 Nc6 6. Nbd2 Bd6 7. Bg3 O-O 8. Bd3 (8.
Bb5 {a move tried in some occasions by the biggest all-time London player, GM
Gata Kamsky. It was also seen in the game between Carlsen and Karjakin from
the World Blitz Championship, when Sergey scored a great win} a6 $5 9. Bxc6
bxc6 10. Ne5 Qc7 11. Nd3 c4 12. Bxd6 Qxd6 13. Nc5 e5 14. b3 cxb3 15. axb3 Re8
16. O-O Ng4 $1 17. g3 Qh6 18. h4 $13 {Carlsen,M (2850)-Karjakin,S (2762) Wch
Blitz Berlin 2015 (11) 0-1 and later the weaknesses around the white king were
felt}) 8... b6 9. Ne5 Bb7 10. f4 Ne7 $1 {This is a very important positional
idea, Black wants to play ...Nf5 followed by ...Be7 (freeing d6) and ...Nd6,
focusing the crucial e4-square and then preparing ...f6 at some point.
Karjakin had a game like this as Black, and even if he hadn't, it's obvious
that he knew this plan as being the most effective for Black. I wonder what
was his idea playing the London, because in this game, Adams got a very
healthy position early on, and one of Karjakin's biggest qualities is choosing,
knowing and understanding his openings nearly better than anyone else in the
world. Possibly he was wanted to try this quick g4-g5 as in the game, but it's
hard to say.} 11. Qf3 (11. Qc2 c4 12. Be2 Nf5 13. Bf2 Be7 14. Ng4 Nxg4 15. Bxg4
Nd6 16. f5 exf5 17. Bxf5 Nxf5 18. Qxf5 Qc8 19. Qf3 b5 20. h4 a5 21. h5 h6 $17 {
Andreikin,D (2720)-Karjakin,S (2762) FIDE World Cup 2015 (4.4) 1/2 and Black
definitely has the better chances,}) 11... Nf5 12. Bf2 Be7 13. g4 (13. O-O Nd6
$15 {and Black has a great position, Nfe4 followed by ...f6 is likely to come.}
) 13... Nd6 {Concluding the aforementioned plan.} 14. g5 Nfe4 15. O-O-O {
In my opinion, the whole plan looks very risky, and Adams tries to punish it
right away.} c4 $1 16. Bc2 (16. Bxe4 $5 {probably would have been a better try}
dxe4 17. Qe2 b5 {now Black has a main plan of opening the queenside with ...
Bd5 and a5-b4. A possible idea at some point is ...Qe8 followed by ...f6, to
remove White's knight pressure on c4.} 18. h4 $5 {It is important to guarantee
the e5-post for the knight, and we will soon see why} Bd5 (18... b4 19. cxb4
Bd5 20. Kb1 Qb6 21. Ndxc4 Nxc4 22. Nxc4 Qxb4 23. Rc1 Rfc8 24. Ne5 $13 {and
White is in the game}) (18... f6 $6 19. gxf6 gxf6 $4 20. Rdg1+ Kh8 21. Ng6+ $1
hxg6 22. Rxg6 Rf7 23. Rh6+ $1 Kg7 24. Qh5 $18) 19. Kb1 Rb8 (19... b4 20. cxb4
a5 21. Ndxc4 axb4 22. b3 $13 {and White conquers some ground on the queenside})
(19... Qe8 20. h5 $1 {this is the idea behind h4} f6 $6 21. gxf6 gxf6 $4 22.
Rdg1+ $1 (22. Rhg1+ $4 Kh8 23. Qg4 Rg8 $19) 22... Kh8 23. Qg4 Rg8 24. Ng6+ $1 {
with mate in few moves - it is very important to keep White's R on h1, and use
the h-pawn to support this attacking idea.}) 20. Rc1 a5 21. h5 Nf5 $36 {
when Black retains the best attacking chances, but advancing the b-pawn is not
a simple job, since c4 is always hanging.}) 16... b5 17. Qh3 b4 $1 {It's hard
to give any good advice for White from now on.} 18. Nxe4 dxe4 19. Be1 Bd5 20.
Rg1 (20. cxb4 a5 $1 21. bxa5 (21. b5 Nxb5 {and Black must have a winning attack
}) 21... c3 $1 22. Bxc3 Rc8 {...Rxc3 or ...Nb5 coming now} 23. Kd2 Nb5 24. Bb3
Nxc3 25. bxc3 Rxc3 $1 26. Rc1 (26. Kxc3 Qxa5+ 27. Kb2 Bxb3 $1 $19 {with mate
to follow soon}) 26... Bb4 27. Rxc3 Bxc3+ 28. Ke2 (28. Kxc3 $2 {loses right
away} Qxa5+ 29. Kb2 Qd2+ 30. Kb1 Bxb3 31. axb3 Rb8 $19) 28... Qxa5 $17) 20...
b3 $1 21. axb3 cxb3 22. Bb1 f5 $5 (22... Rc8 $5 {was also very strong} 23. Ng4
(23. Rg4 Nf5 $19) 23... Nf5 {and all White's direct attacking ideas fail} 24.
Nf6+ (24. Nh6+ gxh6 25. gxh6+ Kh8 $19) 24... Bxf6 25. gxf6 Qxf6 $19) 23. gxf6
Bxf6 24. Rg4 (24. Ng4 a5 25. Nxf6+ Qxf6 $19 {The march of the a-pawn looks
unstoppable and decisive.}) 24... Nf5 25. Kd2 (25. c4 {doesn't solve White's
problems either, but it was a possible try} Bxc4 $1 26. Nxc4 (26. Bxe4 Rc8 27.
Kb1 Bxe5 28. fxe5 Qb6 $19 {followed by ...Qa6}) 26... Rc8 27. Bc3 Rxc4 28. Bxe4
(28. Kd2 Rxc3 $1 29. bxc3 (29. Kxc3 Qa5+ 30. Kxb3 Rb8+ 31. Kc2 Rc8+ $19 {
and mate in a few moves}) 29... Qa5 30. Rgg1 (30. Bxe4 {- 28.Bxe4}) 30... Rc8
31. Rc1 Qa3 32. Bxe4 Qa2+ 33. Kd3 b2 $19) 28... Qa5 $1 {winning by force} (
28... Rxc3+ $2 {doesn't work, White is able to hold the position} 29. bxc3 Qa5
30. Rg2 Qxc3+ 31. Kb1 $13) 29. Bd3 (29. Kd2 Rxc3 30. bxc3 Rc8 $19) 29... Rxc3+
30. bxc3 Qxc3+ (30... Rc8 31. Rg2 $1 Rxc3+ 32. Kb1 $13 {still surviving!}) 31.
Kb1 a5 $3 $19 {and White can't stop the pawn walk towards a3 (or a2), deciding
the game.}) 25... Qa5 26. Ke2 Bxe5 $1 $19 {Opening either the d- or the f-file,
and winning by force.} 27. dxe5 Rad8 28. Kf2 Qa1 29. Bd2 Bc4 30. Qh5 Qxb2 31.
Ke1 Rxd2 {A very nice and clean win by Michael Adams.} 0-1

[Event "Kilkenny Masters"]
[Site "Kilkenny"]
[Date "2016.11.27"]
[Round "6"]
[White "Adams, Michael"]
[Black "Jones, Gawain C B"]
[Result "1-0"]
[WhiteElo "2744"]
[BlackElo "2663"]
[PlyCount "95"]
[EventDate "2016.11.25"]
[EventType "swiss"]
[EventRounds "6"]
[EventCountry "IRL"]
[SourceTitle "CBM 175 Extra"]
[Source "ChessBase"]
[SourceDate "2016.12.12"]
[SourceVersion "1"]
[SourceVersionDate "2016.12.12"]
[SourceQuality "1"]

1. d4 Nf6 2. Nf3 g6 3. Bg5 Bg7 4. c3 O-O 5. Nbd2 d5 6. e3 Nbd7 7. Be2 Re8 8.
O-O e5 9. a4 a5 10. b4 Qe7 11. Qb3 e4 12. Ne1 b6 13. b5 Bb7 14. Nc2 Nf8 15. c4
Rad8 16. Rac1 Ne6 17. Bh4 Bh6 18. cxd5 Bxd5 19. Bc4 Bg5 20. Bg3 Bb7 21. Rfd1
Ng7 22. h3 Nf5 23. Be5 Nh4 24. Na3 Rc8 25. Rc2 Qd7 26. Rdc1 Nf5 27. Nab1 h5 28.
Nc3 Rcd8 29. Ne2 Nh4 30. Nf4 Bxf4 31. Bxf6 Nxg2 32. Kxg2 Rc8 33. exf4 e3+ 34.
d5 exd2 35. Rxd2 Re4 36. Bb2 Rxf4 37. Qc3 f6 38. Rd4 Rf5 39. Re1 Re8 40. Rde4
Rxe4 41. Rxe4 Kg7 42. h4 g5 43. f3 Bxd5 44. Bxd5 Qxd5 45. Qxc7+ Kg6 46. Qc2 g4
47. Rf4 gxf3+ 48. Kg3 1-0